| 000 | 00837nac a22002537a 4500 | ||
|---|---|---|---|
| 001 | BR8403272 | ||
| 003 | BR-BrBNA | ||
| 005 | 20240105120045.0 | ||
| 008 | 230509b bl.|||m| |||| 00| 0 por d | ||
| 040 |
_aBR-BrBNA _bpor _cBiblioteca Nacional de Agricultura |
||
| 072 | _aE10 | ||
| 090 | _aE10 BR8403272 | ||
| 110 | 1 |
_aBanco de Desenvolvimento do Espirito Santo S.A., Vitoria (Brasil) _91078 |
|
| 245 | 1 | _aRelatorio anual de atividades. 1983 [Banco de Desenvolvimento do Espirito Santo, Brasil] | |
| 260 | 3 |
_aVitoria, ES (Brasil): _c1984. |
|
| 300 | _a20 p. | ||
| 490 |
_aRelatorio - Banco de Desenvolvimento do Espirito Santo S.A. (Brazil) _v _x |
||
| 650 | _aECONOMIA | ||
| 650 | _aINVESTIMENTO | ||
| 650 | _aCREDITO | ||
| 650 | _aESPIRITO SANTO | ||
| 909 |
_a202312 _bLúcia Elande _c55 _dLúcia Elande |
||
| 942 |
_2AGRIS _n0 _cMS |
||
| 999 |
_c277731 _d277731 |
||